[Event "Riadh Rapid op"]
[Site "Riadh"]
[Date "2023.03.17"]
[Round "5"]
[White "Algubaishi, Afnan Hassan"]
[Black "Ruwaida Saad, Mohsin Al Naseri"]
[Result "1-0"]
[WhiteElo "1393"]
[BlackElo "1541"]
[PlyCount "62"]
[EventDate "2023.03.17"]
[EventType "swiss (rapid)"]
[EventRounds "9"]
[EventCountry "SAU"]
[SourceTitle "CBM 213 Extra"]
[Source "ChessBase"]
[SourceDate "2023.05.31"]
[SourceVersion "1"]
[SourceVersionDate "2023.05.31"]
[SourceQuality "1"]

1. e4 e5 2. Nf3 Nc6 3. d4 exd4 4. Nxd4 Qf6 5. Nxc6 Qxc6 6. Nc3 Bb4 7. Bd2 Bxc3 8. Bxc3 Qxe4+ 9. Qe2 Qxe2+ 10. Bxe2 f6 11. 0-0-0 Ne7 12. Bc4 c6 13. Rhe1 d5 14. Bb3 Bf5 15. Bb4 Be4 16. f3 f5 17. fxe4 fxe4 18. c4 Rc8 19. Kb1 c5 20. Ba3 d4 21. Rxe4 Kd8 22. Ba4 Nf5 23. Re5 Ne3 24. Rd2 Nxc4 25. Rd5+ Ke7 26. Re2+ Ne3 27. Bxc5+ Ke6 28. Rd6+ Ke5 29. Ba3 Rhf8 30. Re1 Rf2 31. Rd7 Kf6 1-0

[Event "Arab-ch U20 Girls"]
[Site "Baghdad"]
[Date "2022.03.11"]
[Round "2"]
[White "Ahamoury, Roya"]
[Black "Ruwaida Saad, Mohsin Al Naseri"]
[Result "1-0"]
[WhiteElo "1456"]
[BlackElo "1571"]
[PlyCount "57"]
[EventDate "2022.03.10"]
[EventType "tourn"]
[EventRounds "7"]
[EventCountry "IRQ"]
[SourceTitle "EXT 2023"]
[Source "ChessBase"]
[SourceDate "2022.10.05"]
[SourceVersion "1"]
[SourceVersionDate "2022.10.05"]
[SourceQuality "1"]

1. e4 e5 2. Nf3 Nc6 3. Bc4 Bc5 4. c3 Nf6 5. d3 d6 6. h3 a5 7. 0-0 0-0 8. Bg5 h6 9. Bh4 Be6 10. Bb3 Bb6 11. Bc2 Kh8 12. d4 exd4 13. cxd4 Nb4 14. a3 Nxc2 15. Qxc2 Qc8 16. Nc3 Rg8 17. Qd2 Nh5 18. Kh2 g5 19. d5 Bd7 20. e5 Nf4 21. Ne4 Rg6 22. Nf6 Bb5 23. Rfe1 dxe5 24. Ng4 gxh4 25. Nfxe5 Qf5 26. Nxg6+ Nxg6 27. Qc3+ Kg8 28. Nxh6+ Kf8 29. Nxf5 1-0